书目信息 |
| 题名: |
让易经走进家庭
|
|
| 作者: | 马国欣 著 | |
| 分册: | 下册 | |
| 出版信息: | 华泰出版社 2010.06 |
|
| 页数: | 439-964页 | |
| 开本: | 20cm | |
| 丛书名: | ||
| 单 册: | ||
| 中图分类: | B221 | |
| 科图分类: | ||
| 主题词: | 先秦哲学 | |
| 电子资源: | ||
| ISBN: | 962-8482-50-5 | |
| 000 | 00538nam0 2200181 450 | |
| 001 | 1037043381 | |
| 005 | 20141231144716.69 | |
| 010 | @a962-8482-50-5@dCNY54.00 | |
| 100 | @a20100914d2010 km y0chiy0120 ea | |
| 101 | 0 | @achi |
| 200 | 1 | @a让易经走进家庭@Arang yi jing zou jin jia ting@h下册@f马国欣著@Fma guo xin zhu |
| 210 | @c华泰出版社@d2010.06 | |
| 215 | @a439-964页@d20cm | |
| 606 | 0 | @a先秦哲学 |
| 690 | @aB221@v4 | |
| 701 | 0 | @a马国欣@Ama guo xin@4著 |
| 801 | 0 | @aCN@b大连网信软件有限公司图书馆·11@c20141231 |
| 905 | @aZUCC@dB221@eM051:2 | |
| 让易经走进家庭.下册/马国欣著.-华泰出版社,2010.06 |
| 439-964页;20cm |
| ISBN 962-8482-50-5:CNY54.00 |
| ● |
| 相关链接 |
|
|
|
正题名:让易经走进家庭
索取号:B221/M051:2
 
预约/预借
| 序号 | 登录号 | 条形码 | 馆藏地/架位号 | 状态 | 备注 |
| 1 | 470459 | 204704597 | 社科库509/422社科库 47排2列4层/ [索取号:B221/M051:2] | 在馆 | |
| 2 | 470480 | 204704800 | 社科库509/422社科库 47排2列4层/ [索取号:B221/M051:2] | 在馆 | |
| 3 | 470481 | 204704819 | 社科库509/422社科库 47排2列4层/ [索取号:B221/M051:2] | 在馆 | |
| 4 | 470482 | 204704828 | 社科库509/422社科库 47排2列4层/ [索取号:B221/M051:2] | 在馆 | |
| 5 | 470483 | 204704837 | 社科库509/422社科库 47排2列4层/ [索取号:B221/M051:2] | 在馆 | |
| 6 | 470484 | 204704846 | 社科库509/422社科库 47排2列4层/ [索取号:B221/M051:2] | 在馆 | |
| 7 | 470485 | 204704855 | 社科库509/422社科库 47排2列4层/ [索取号:B221/M051:2] | 在馆 | |
| 8 | 470486 | 204704864 | 社科库509/ [索取号:B221/M051:2] | 在馆 | |
| 9 | 470487 | 204704873 | 社科库509/422社科库 47排2列4层/ [索取号:B221/M051:2] | 在馆 | |
| 10 | 470488 | 204704882 | 社科库509/422社科库 47排2列4层/ [索取号:B221/M051:2] | 在馆 | |
| 11 | 470489 | 204704891 | 社科库509/422社科库 47排2列4层/ [索取号:B221/M051:2] | 在馆 | |
| 12 | 470490 | 204704908 | 社科库509/422社科库 47排2列4层/ [索取号:B221/M051:2] | 在馆 | |
| 13 | 470491 | 204704917 | 社科库509/422社科库 47排2列4层/ [索取号:B221/M051:2] | 在馆 | |
| 14 | 470492 | 204704926 | 社科库509/422社科库 47排2列4层/ [索取号:B221/M051:2] | 在馆 | |
| 15 | 470493 | 204704935 | 社科库509/422社科库 47排2列4层/ [索取号:B221/M051:2] | 在馆 | |
| 16 | 470494 | 204704944 | 社科库509/509社科库 9排1列6层/ [索取号:B221/M051:2] | 在馆 | |
| 17 | 470495 | 204704953 | 社科库509/422社科库 47排2列4层/ [索取号:B221/M051:2] | 在馆 | |
| 18 | 470496 | 204704962 | 社科库509/422社科库 47排2列4层/ [索取号:B221/M051:2] | 在馆 | |
| 19 | 470497 | 204704971 | 社科库509/422社科库 47排2列4层/ [索取号:B221/M051:2] | 在馆 | |
| 20 | 470498 | 204704980 | 社科库509/422社科库 47排2列4层/ [索取号:B221/M051:2] | 在馆 | |
| 21 | 495214 | 204952140 | 社科库509/422社科库 26排4列6层/ [索取号:B221/M051:2] | 在馆 |